Catálogo

Vista normal Vista MARC

Entrada Personal Name

Número de registros utilizados en: 1

001 - CONTROL NUMBER

  • control field: 7643

003 - CONTROL NUMBER IDENTIFIER

  • control field: OSt

005 - DATE AND TIME OF LATEST TRANSACTION

  • control field: 20210513125001.0

008 - FIXED-LENGTH DATA ELEMENTS

  • fixed length control field: 100604n| azannaabn |a aaa c

010 ## - LIBRARY OF CONGRESS CONTROL NUMBER

  • LC control number: 2010092044

035 ## - SYSTEM CONTROL NUMBER

  • System control number: (OCoLC)oca08517119

040 ## - CATALOGING SOURCE

  • Original cataloging agency: MX-SlUA
  • Language of cataloging: spa
  • Description conventions: rda
  • Transcribing agency: Mx-UPAEP
  • Modifying agency: DNLM
  • Modifying agency: Mx-UPAEP

046 ## - SPECIAL CODED DATES

  • Birth date: 1951

100 1# - HEADING--PERSONAL NAME

  • Personal name: Graue Wiechers, Enrique,
  • Dates associated with a name: 1951-

370 ## - ASSOCIATED PLACE

  • Place of birth: Ciudad de México
  • Associated country: México

373 ## - ASSOCIATED GROUP

  • Associated group: Real Academia Nacional de Medicina
  • Associated group: Academia Nacional de Medicina de México
  • Associated group: Universidad Nacional Autónoma de México
  • Associated group: Universidad de Florida

374 ## - OCCUPATION

  • Occupation: Autor
  • Occupation: Médico oftalmólogo
  • Occupation: Académico

375 ## - GENDER

  • Gender: hombre

377 ## - ASSOCIATED LANGUAGE

  • Language code: spa
  • Source of code: MARC code list for languages

400 1# - SEE FROM TRACING--PERSONAL NAME

  • Personal name: Wiechers, Enrique Graue
  • Dates associated with a name: 1951-

400 1# - SEE FROM TRACING--PERSONAL NAME

  • Personal name: Graue, Enrique
  • Dates associated with a name: 1951-

670 ## - SOURCE DATA FOUND

  • Source citation: Oftalmología: en la práctica de la medicina general, c2009:
  • Information found: t.p. (Enrique Graue Wiechers)

670 ## - SOURCE DATA FOUND

  • Source citation: Presencia médica en la vida universitaria, 2011:
  • Information found: t.p. (Enrique Graue Wiechers)

670 ## - SOURCE DATA FOUND

  • Source citation: NLM files, July 24, 2013
  • Information found: (hdg.: Graue Wiechers, Enrique; usage: Enrique Graue Wiechers; Enrique Graue)

670 ## - SOURCE DATA FOUND

  • Source citation: Biblioteca del congreso (Estados Unidos), 28 junio 2018:
  • Information found: catálogo electrónico
  • Uniform Resource Identifier: https://goo.gl/kxcxs2